Dyscypliny sportowe na ZIO 2026 - nagła śmierć - Statystyki

Ogólne statystyki
  • Ten quiz został rozwiązany 84 razy
  • Średni wynik to 8 z 14
Answers on the Grid
Answers color-coded by a green-red scale on the quiz's grid according to % correct below.
Skoki narciarskie
Biegi narciarskie
Piłka wodna
Zapasy śnieżne
Biathlon
Wspinaczka górska
Skateboarding
Hokej na lodzie
Kombinacja szwedzka
Łyżwiarstwo szybkie
Kolarstwo górskie
Gimnastyka sportowa
Curling
Kombinacja norweska
Hokej na lodzie 3×3
Narciarstwo alpejskie
Triathlon
Snowboarding
Narciarstwo lodowcowe
Bobsleje
Łyżwiarstwo figurowe
Polo
Łyżwiarstwo przełajowe
Short track
Narciarstwo dowolne
Skoki do wody
Saneczkarstwo
Szermierka
 
Statystyki odpowiedzi
Odpowiedź % Poprawnych
Skoki narciarskie
98%
Biegi narciarskie
94%
Biathlon
80%
Hokej na lodzie
61%
Saneczkarstwo
59%
Curling
55%
Łyżwiarstwo figurowe
55%
Snowboarding
53%
Bobsleje
51%
Łyżwiarstwo szybkie
51%
Narciarstwo alpejskie
49%
Kombinacja norweska
47%
Short track
43%
Narciarstwo dowolne
39%
Nie znaleziono quizów pasujących do podanych kryteriów
Rozkład punktacji
Procent ludzi z każdym wynikiem
Percentyl według liczby udzielonych odpowiedzi
Twoja historia wyników
Nie rozwiązałeś tego quizu